000 01051nam0a22002531 4500
001 rc\918799
005 20041129095018.5
035 _a(NLR Aleph) 006092949
090 _a5178454
_c5178454
100 _a20041129d1982 u |0rusy50 ca
101 0 _arus
102 _aRU
105 _aa |||||||||
200 1 _aМихайло Грицюк, 1929-1979
_eСкульптура
_eКаталог виставки
_f[Упоряд. Л.I. Максименко
_gАвт. вступ. статтi С. Гурок та Б. Лобановский]
210 _aКиев
_cСпiлка художникiв УРСР
_d1982
215 _a46, [10] с.
_cил., цв. ил.
_d28
300 _aВ надзаг.: Спiлка художникiв УРСР, Киiв орг.
702 1 _aМаксименко
_bЛ. I.
_gЛариса Iванiвна
_4220
710 1 2 _aГрицюк, Михайло Якимович. Виставка творiв
_f1982
_eКиiв
801 0 _aRU
_bNLR
_gpsbo
801 1 _aRU
_bELAR
_2rusmarc
852 _aNLR
_bЭ
_jКП/Г858
942 _cBOOK
980 _aNB